| 000 | 00817nam a2200205 i 4500 | ||
|---|---|---|---|
| 001 | 145325 | ||
| 003 | ES-MaACL | ||
| 005 | 20250808070308.0 | ||
| 007 | t| | ||
| 008 | 070214s1979 sp r ||||1| spa d | ||
| 100 | 1 |
_aSoriano, Graciela. _9107378 |
|
| 245 | 1 | 3 |
_aLa praxis política del absolutismo en el testamento político de Richelieu / _cGraciela Soriano de García-Pelayo ; prólogo de Luis Díez del Corral. |
| 260 |
_aMadrid : _bCentro de Estudios Constitucionales, _c1979 ( _fHéroes) |
||
| 300 |
_a374 p. ; _c22 cm + _e2 gráf. pleg. |
||
| 600 | 1 | 4 |
_aRichelieu, Armand Jean du Plessis, _cduc de, _d1585-1642 _996947 |
| 700 | 1 |
_aDíez del Corral, Luis. _944718 |
|
| 710 | 2 |
_aCentro de Estudios Constitucionales (España) _92618 |
|
| 852 |
_aES-MaACL _jC-20919 _bR.100218 |
||
| 999 |
_c145325 _d145325 |
||